01664nam a2200385 i 4500001001000000003000900010005001700019007000300036008004100039040003000080041000800110082002100118100005700139245006000196250002300256264007600279300005500355336002700410337003300437338002800470500006400498500007400562590006500636590002600701650004500727650003800772650001900810650002000829910003800849942001400887952012200901952011601023952012201139999001701261000021021DO-SdBNP20260325132159.0ta100830s1981 dr ac 000 0 spa d aDO-SdBNPbspacBNPHUerda aspa 4a335.4bG216d2221 aGarcía-Godoy, Federico,d1920-eautor4aut.93723910aDel marxismo al oportunismo /cFederico García Godoy. aPrimera edición  4aSanto Domingo, República Dominicana :bEditora Alfa y Omega,c©1981. a201 páginas :bilustraciones, retratos ;c21 cm. atextobtxt2rdacontent asin mediaciónbn2rdamedia avolumenbnc2rdacarrier aIncluye datos biográficos del autor en la contracubierta. aIncluye referencias bibliográficas y notas al pie de las páginas. aLa biblioteca posee un ejemplar autobiografiado por el autor aInventariado, 2018/LP 0aPopulismo zRepública Dominicana97290 4aMovimientos revolucionarios91376 0aMarxismo95234 4aComunismo92880 aValidado. Control de calidad EMS. 2ddccLBS1 00102ddc56708DSaBNPHUbBNPHUcHDd2018-05-30oBNPHU DS 335.4 G216dp21021-30r2020-06-25te. 3w2020-06-25yLBS1 00102ddc51708PDaBNPHUbBNPHUcHDd2010-08-30oBNPHU PD 335.4 G216dp21021-10r2020-06-25w2020-06-25yLBS1 00102ddc51708PDaBNPHUbBNPHUcHDd2011-02-07oBNPHU PD 335.4 G216dp21021-20r2020-06-25te. 2w2020-06-25yLBS1 c20524d20524